Beitrage zur erklarung der Apostelgeschichte
Uloženo v:
| Hlavní autor: | |
|---|---|
| Médium: | Kniha |
| Jazyk: | němčina |
| Vydáno: |
Friburgo de Brisgovia
Herder
1897
|
| Vydání: | 1a. ed |
| Témata: | |
| Tagy: |
Přidat tag
Žádné tagy, Buďte první, kdo vytvoří štítek k tomuto záznamu!
|
MARC
| LEADER | 00000cam a2200000 a 4500 | ||
|---|---|---|---|
| 001 | UCD2489 | ||
| 003 | CL-VaPUC | ||
| 008 | 160428e18970000gw |||||||||||||||||ger|d | ||
| 082 | 0 | 4 | |a 226 |b BEL |2 21 |
| 100 | 0 | |a Belser, Johannes Evangelist |e author |9 585837 | |
| 245 | 1 | 0 | |a Beitrage zur erklarung der Apostelgeschichte |
| 250 | |a 1a. ed | ||
| 300 | |a pág. irreg | ||
| 942 | |c BK | ||
| 945 | |d 20160428 21:50:00 |a dcastane | ||
| 260 | |a Friburgo de Brisgovia |b Herder |c 1897 | ||
| 650 | 0 | |a Epístolas |9 321181 | |
| 650 | 0 | |a Hechos de los apóstoles |9 483141 | |
| 583 | |a last modification |c 20160428 21:50:00 |k Rodrigo Vera | ||
| 999 | |c 363651 |d 363649 | ||
| 952 | |0 0 |1 0 |3 erd |4 0 |6 226_000000000000000_BEL_1897 |7 0 |8 X |9 476271 |a BIBTEO |b BIBTEO |c TEO_FFR |i 5228867 |o 226 BEL 1897 |p 5228867 |r 2024-01-18 |w 2019-11-24 |y BK_X |z Catalogado en:20160428 |k OFM | ||